000 00900nas a2200289 4500
001 BR0200559
003 BR-BrBNA
005 20231205102701.0
007 ta
008 230509b bl.|||p| |||| 00| 00por d
040 _aBR-BrBNA
_bpor
_cBiblioteca Nacional de Agricultura
041 _a(En)
072 _aL53
100 1 _aNascimento, J.K.F.
100 1 _aNascimento, F.E.
100 1 _aMelo, M.I.V.
245 1 _aModification of the short osmotic resistance test for evaluating the functional integrity of boar spermatozoa
650 _aSUÍNO
650 _aESPERMATOZÓIDE
650 _aRESISTÊNCIA
650 _aOSMOSE
650 _aVARRÃO
650 _aINCUBAÇÃO
773 0 _tArquivo Brasileiro de Medicina Veterinária e Zootecnia (Brazil)
_xISSN 0102-0935
_g(Jun 2001), v. 53(3) p. 393-395
_wBR0200559
909 _a202311
_bLúcia
_c55
_dLúcia Elande
942 _2AGRIS
_n0
_cANA
999 _c168800
_d168800